000 00395nam a22001697a 4500
005 20251212165114.0
008 251212b |||||||| |||| 00| 0 eng d
037 _cTB
040 _aAL
_cAL
041 _2URD
_aURD
100 _aIbne Safi
_9856483
245 _aChattan
260 _c1994.
365 _b35.00
_cINR
942 _2CC
_cTB
_n0
999 _c1466354
_d1466354